000
00507nam a2200145Ia 4500
008
151213s9999 xx 000 0 und d
100
_a
বিশ্বজিৎ ঘোষ।
245
_a
বাংলা কথা সাহিত পাঠ।
_c
বিশ্বজিৎ ঘোষ।
260
_a
ঢাকা
_b
বাংলা একাডেমী।
_c
2002
300
_a
8750 p.
650
_a
Bangla
650
_a
সাহিত্য
700
_a
বিশ্বজিৎ ঘোষ।
999
_c
4535
_d
4535